00332 a2200109 4500001001000000005001700010008004100027245004000068100004400108773005300152999001700205ART_3050020260410162003.0260409a 10aEl control del cine en la Argentina1 aCarreras de Kuntz, María Elena de las0 tForo políticog- Vol. XX (ago. 1997)wREV30389 c31472d31472